000 00602nam a2200169Ia 4500
003 IN-BaIIA
005 20250704151844.0
008 211028s9999 xx 000 0 eng d
040 _cIIA Library
080 _a(083)51
_bTAY
100 _aTaylor, Michael
_92509
245 0 _aTables of logarithms all numbers from 1 ro 101000
_band of the sines and tangents to every second of the quadrant
_cMichael Taylor
260 _aLondon
_bChristopher Buckton
_c1792
300 _a[various pagings.]
650 _aAstronomy and Astrophysics thesaurus
942 _cBK
_2ddc
999 _c1202
_d1202